000 01053nam a2200253 a 4500
001 BRL_1533
005 20190320211241.0
008 180214s1963----mx-ao#####---#000-0#spa-#
041 _aspa
044 _amx
050 4 _aNB1098
_b.E83 1963
245 1 0 _aEscultura Africana
_bUniversidad Nacional Autónoma de México, Dirección General de Difusión Cultural, Museo de Ciencias y Arte, Ciudad Universitaria, México, D.F., mayo-junio de 1963
_cmuseografía a cargo de Alfonso Soto Soria ; fotografías de Bob Schalkwijk.
260 _aMéxico
_bLibrería Madero
_c1963
300 _a71 p.
_bil., mapas, fotografía (blanco y negro)
_c24 cm.
500 _aAu1808
504 _aBibliografía: p. 26
650 1 4 _aEscultura Africana
_vExposiciones
_927194
650 1 4 _aArte negro
_vExposiciones
_927195
700 1 _aSchalwijk, Bob
_eil.
_927196
700 1 _aSoto Soria, Alonso
_927197
710 2 _aUniversidad Nacional Autonoma de Mexico
_bDireccion General de Difusion Cultural, Museo de Ciencias y Arte
_927198
902 _aGRL
942 _2lcc
_cB
999 _c10342
_d10342